Normal view
MARC view
- Finney, D J .
Entry Personal Name
001 - CONTROL NUMBER
- control field: 887
003 - CONTROL NUMBER IDENTIFIER
- control field: OSt
005 - DATE AND TIME OF LATEST TRANSACTION
- control field: 20160712161939.0
008 - FIXED-LENGTH DATA ELEMENTS
- fixed length control field: 160712|| aca||aabn | a|a d
040 ## - CATALOGING SOURCE
- Original cataloging agency: OSt
- Transcribing agency: OSt
100 ## - HEADING--PERSONAL NAME
- Personal name: Finney, D J .
670 ## - SOURCE DATA FOUND
- Source citation: Work cat.: (OSt)9131: Finney, D J ., An Introduction to Statistical Science in Agriculture / , 2010
